[Event "Medellin Flores op 30th"]
[Site "Medellin"]
[Date "2023.08.04"]
[Round "3"]
[White "Bernal Perdomo, Francisco Jose"]
[Black "Moreno Gonzalez, Maria Camila"]
[Result "1-0"]
[WhiteElo "1849"]
[BlackElo "1587"]
[PlyCount "53"]
[EventDate "2023.08.03"]
[EventType "swiss"]
[EventRounds "9"]
[EventCountry "COL"]
[SourceTitle "EXT 2024"]
[Source "ChessBase"]
[SourceDate "2023.10.10"]
[SourceVersion "1"]
[SourceVersionDate "2023.10.10"]
[SourceQuality "1"]

1. e4 e5 2. Nf3 Nf6 3. Nxe5 Nxe4 4. Qe2 Qe7 5. Qxe4 d6 6. d4 dxe5 7. dxe5 Nc6 8. Bb5 Bd7 9. 0-0 0-0-0 10. Nc3 Nxe5 11. Be3 Bxb5 12. Nxb5 Nc6 13. Nxa7+ Nxa7 14. Qa4 Nc6 15. Qa8+ Kd7 16. Qxb7 Qe4 17. Rad1+ Ke8 18. Rxd8+ Kxd8 19. Rd1+ Ke7 20. Bd2 Kf6 21. Qxc7 h5 22. h3 Kg6 23. Bc3 Bc5 24. Qg3+ Kf5 25. Qxg7 Ne5 26. Re1 Qxe1+ 27. Bxe1 1-0

[Event "Medellin Flores op 30th"]
[Site "Medellin"]
[Date "2023.08.03"]
[Round "1"]
[White "Bernal Perdomo, Francisco Jose"]
[Black "Sanchez Bermudez, Jeronimo"]
[Result "1-0"]
[WhiteElo "1849"]
[BlackElo "1302"]
[PlyCount "53"]
[EventDate "2023.08.03"]
[EventType "swiss"]
[EventRounds "9"]
[EventCountry "COL"]
[SourceTitle "EXT 2024"]
[Source "ChessBase"]
[SourceDate "2023.10.10"]
[SourceVersion "1"]
[SourceVersionDate "2023.10.10"]
[SourceQuality "1"]

1. e4 e5 2. Nf3 Nc6 3. Bb5 Nge7 4. c3 g6 5. d4 exd4 6. cxd4 d6 7. Bg5 Bd7 8. Bf6 Rg8 9. Nc3 Nb4 10. Bc4 Bg7 11. Bh4 Be6 12. Qa4+ Nbc6 13. d5 Bd7 14. dxc6 Bxc6 15. Qb3 Bxc3+ 16. bxc3 d5 17. exd5 Bxd5 18. Rd1 c6 19. 0-0 Qc7 20. Rfe1 g5 21. Bg3 Qd7 22. Rxd5 cxd5 23. Bb5 a6 24. Bxd7+ Kxd7 25. Qxb7+ Kd8 26. Qc7+ Ke8 27. Qxe7# 1-0

[Event "Rivera Huila Hernandez Memorial-B"]
[Site "Rivera Huila"]
[Date "2023.07.22"]
[Round "5"]
[White "Hernandez Bermudez, Manuela"]
[Black "Bernal Perdomo, Francisco Jose"]
[Result "1-0"]
[WhiteElo "1909"]
[BlackElo "1732"]
[PlyCount "227"]
[EventDate "2023.07.20"]
[EventType "swiss"]
[EventRounds "7"]
[EventCountry "COL"]
[SourceTitle "CBM 215 Extra"]
[Source "ChessBase"]
[SourceDate "2023.09.30"]
[SourceVersion "1"]
[SourceVersionDate "2023.09.30"]
[SourceQuality "1"]

1. e4 e6 2. d4 d5 3. Nc3 Bb4 4. e5 c5 5. a3 Bxc3+ 6. bxc3 Ne7 7. Qg4 Qc7 8. Bd3 cxd4 9. Ne2 Nbc6 10. cxd4 h5 11. Qh4 Nf5 12. Bxf5 exf5 13. 0-0 Ne7 14. c3 Ng6 15. Qg3 h4 16. Qf3 Be6 17. h3 Rc8 18. a4 Kf8 19. Ba3+ Kg8 20. Rfb1 Qd7 21. a5 f4 22. Rc1 Rh6 23. Nxf4 Nxf4 24. Qxf4 Bxh3 25. Kh2 Bf5 26. Bc5 a6 27. Ra2 Bd3 28. Rb2 Bb5 29. Re1 Re8 30. Re3 Ree6 31. Rh3 Reg6 32. Re3 Rg4 33. e6 Rxf4 34. exd7 Bxd7 35. Rxb7 Bb5 36. f3 Bc4 37. Rb6 Rh5 38. Bd6 Rff5 39. Re5 f6 40. Rxf5 Rxf5 41. Rb7 Rg5 42. Bf4 Rg6 43. g3 hxg3+ 44. Bxg3 Rg5 45. Kg2 Kh7 46. Kf2 Rh5 47. Rb1 Kg6 48. Bd6 Kf5 49. Rg1 g5 50. Re1 Rh7 51. Kg3 Rh8 52. Bc5 Rg8 53. Kf2 Rg6 54. Rh1 Ke6 55. Rh7 Rg8 56. Re7+ Kf5 57. Re1 Rh8 58. Kg3 Rb8 59. Bb4 Rg8 60. Kf2 Rg6 61. Rh1 Bb5 62. Re1 Rh6 63. Kg3 Rh4 64. Bc5 Kg6 65. Be7 Bd7 66. Bb4 Rh3+ 67. Kg2 Rh8 68. Re7 Bh3+ 69. Kg3 Bf5 70. Re1 Bd7 71. Re7 Bb5 72. Re1 Bd3 73. Bc5 Bf5 74. Bb4 Rh4 75. Be7 Rh3+ 76. Kg2 g4 77. fxg4 Bxg4 78. Bb4 Rd3 79. Kf2 Kf5 80. Re3 Rd2+ 81. Kg3 Rd1 82. Re8 Rd3+ 83. Kf2 Rf3+ 84. Kg2 Rd3 85. Kf2 Bh5 86. Ra8 Rd2+ 87. Kg3 Be2 88. Rf8 Bc4 89. Re8 Rd3+ 90. Kf2 Rh3 91. Rf8 Rh1 92. Kg3 Rg1+ 93. Kf2 Rf1+ 94. Ke3 Ke6 95. Re8+ Kd7 96. Re7+ Kc6 97. Rf7 Kb5 98. Rb7+ Ka4 99. Rf7 Kb3 100. Rf8 Kc2 101. Rh8 f5 102. Rh2+ Kd1 103. Rf2 Re1+ 104. Kf4 Bd3 105. Kg5 Rg1+ 106. Kf6 Rg4 107. Ke5 Re4+ 108. Kxd5 Re8 109. Bd6 Be4+ 110. Kc5 Rc8+ 111. Kb4 Bd3 112. Bc5 Ke1 113. Rf4 Kd2 114. d5 1-0

[Event "Rivera Huila Hernandez Memorial-B"]
[Site "Rivera Huila"]
[Date "2023.07.22"]
[Round "4"]
[White "Obando Guzman, Soren Federico"]
[Black "Bernal Perdomo, Francisco Jose"]
[Result "0-1"]
[WhiteElo "2065"]
[BlackElo "1732"]
[PlyCount "56"]
[EventDate "2023.07.20"]
[EventType "swiss"]
[EventRounds "7"]
[EventCountry "COL"]
[SourceTitle "CBM 215 Extra"]
[Source "ChessBase"]
[SourceDate "2023.09.30"]
[SourceVersion "1"]
[SourceVersionDate "2023.09.30"]
[SourceQuality "1"]

1. d4 Nf6 2. c4 c5 3. d5 e6 4. Nc3 d6 5. Nf3 exd5 6. cxd5 g6 7. Nd2 a6 8. a4 Nbd7 9. e4 Qe7 10. Be2 Bg7 11. 0-0 0-0 12. Re1 b6 13. Bf1 Rb8 14. Nc4 Ne5 15. Na3 Ne8 16. h3 g5 17. f4 gxf4 18. Bxf4 f5 19. Qd2 Qf7 20. exf5 Bxf5 21. Nc4 Nxc4 22. Bxc4 Bxh3 23. Rf1 Qg6 24. Kh1 Bg4 25. Bxa6 Nc7 26. Be2 Qh5+ 27. Kg1 Bd4+ 28. Be3 Bxc3 0-1

[Event "COL-ch U1700"]
[Site "Pereira"]
[Date "2022.02.19"]
[Round "7"]
[White "Herrera Nopan, Fabian"]
[Black "Bernal Perdomo, Francisco Jose"]
[Result "0-1"]
[WhiteElo "1663"]
[BlackElo "1643"]
[PlyCount "74"]
[EventDate "2022.02.16"]
[EventType "swiss"]
[EventRounds "9"]
[EventCountry "COL"]
[SourceTitle "CBM 207 Extra"]
[Source "ChessBase"]
[SourceDate "2022.05.31"]
[SourceVersion "1"]
[SourceVersionDate "2022.05.31"]
[SourceQuality "1"]

1. d4 Nf6 2. Nf3 g6 3. c4 Bg7 4. Nc3 0-0 5. e4 d6 6. Be2 e5 7. dxe5 dxe5 8. Qxd8 Rxd8 9. Nxe5 Nxe4 10. Nxe4 Bxe5 11. Bg5 Rd4 12. f3 f5 13. Nf6+ Kf7 14. Nd5 c6 15. f4 cxd5 16. fxe5 dxc4 17. Bf3 Nc6 18. Bxc6 bxc6 19. 0-0 Be6 20. Rad1 Rxd1 21. Rxd1 Bd5 22. Bd2 Ke6 23. Bc3 f4 24. a4 g5 25. h3 h5 26. Kf2 Rg8 27. a5 a6 28. Rh1 Rg6 29. Rh2 Kf5 30. g3 fxg3+ 31. Kxg3 h4+ 32. Kf2 g4 33. hxg4+ Kxg4 34. Ke3 h3 35. Rf2 Rh6 36. Rf6 Rxf6 37. exf6 h2 0-1

[Event "COL-ch U1700"]
[Site "Pereira"]
[Date "2022.02.18"]
[Round "4"]
[White "Bernal Perdomo, Francisco Jose"]
[Black "Montoya, Ricardo"]
[Result "1-0"]
[WhiteElo "1643"]
[BlackElo "1604"]
[PlyCount "45"]
[EventDate "2022.02.16"]
[EventType "swiss"]
[EventRounds "9"]
[EventCountry "COL"]
[SourceTitle "CBM 207 Extra"]
[Source "ChessBase"]
[SourceDate "2022.05.31"]
[SourceVersion "1"]
[SourceVersionDate "2022.05.31"]
[SourceQuality "1"]

1. e4 c5 2. Nf3 Nc6 3. d4 cxd4 4. Nxd4 g6 5. Be3 Bg7 6. Nc3 Nf6 7. Bc4 0-0 8. 0-0 Ng4 9. Qxg4 Nxd4 10. Qd1 Nc6 11. f4 a6 12. Nd5 d6 13. Bb6 Qd7 14. f5 Ne5 15. Bb3 Rb8 16. Ba7 Nc6 17. Bxb8 Nxb8 18. f6 exf6 19. Nxf6+ Bxf6 20. Rxf6 Qe7 21. Qxd6 Qxe4 22. Raf1 Bf5 23. Rxf7 1-0